Southville International School and Colleges
Your cart is empty.
  • Cart
  • Lists
    Public lists Eva Luna New books Lux_list list_1
    Your lists Log in to create your own lists
  • Log in to your account
  • Your cookies
  • Search history
Southville International School and Colleges
  • Advanced search
  • Recent comments
  • Most popular
  • Libraries

Log in to your account

Log in with GOOGLE


If you do not have an external account, but do have a local account, you can still log in:

  1. Home
  2. MARC view: Environmental economics and policy /
Normal view MARC view ISBD view

Environmental economics and policy / (Record no. 24490)

[ view plain ]
MARC details
000 -LEADER
fixed length control field 00540nam a2200193 a 4500
005 - DATE AND TIME OF LATEST TRANSACTION
control field 20140310183525.0
008 - FIXED-LENGTH DATA ELEMENTS--GENERAL INFORMATION
fixed length control field 110930s19uu xx 00 eng d
020 ## - INTERNATIONAL STANDARD BOOK NUMBER
International Standard Book Number 9780321666215
050 ## - LIBRARY OF CONGRESS CALL NUMBER
Classification number HD 75.6
Item number .T54 2010
100 ## - MAIN ENTRY--PERSONAL NAME
Personal name Tietenberg, Tom
245 ## - TITLE STATEMENT
Title Environmental economics and policy /
Statement of responsibility, etc Tom Tietenberg and Lynne Lewis.
250 ## - EDITION STATEMENT
Edition statement 6th ed.
260 ## - PUBLICATION, DISTRIBUTION, ETC. (IMPRINT)
Place of publication, distribution, etc Boston :
Name of publisher, distributor, etc Pearson,
Date of publication, distribution, etc 2010.
300 ## - PHYSICAL DESCRIPTION
Extent 536 p. :
Other physical details ill. ;
Dimensions 24 cm.
521 ## - TARGET AUDIENCE NOTE
Target audience note
650 ## - SUBJECT ADDED ENTRY--TOPICAL TERM
Topical term or geographic name as entry element Environmental economics
942 ## - ADDED ENTRY ELEMENTS (KOHA)
Koha item type Books
Source of classification or shelving scheme Library of Congress Classification
Call number prefix Foreign
Holdings
Withdrawn status Lost status Source of classification or shelving scheme Damaged status Home library Current library Shelving location Date acquired Source of acquisition Total Checkouts Full call number Barcode Date last seen Date checked out Copy number Price effective from Koha item type
    Library of Congress Classification   College Library College Library General Circulation Section 09/30/2011 Donation 1 HD 75.6 .T54 2010 C12527 05/15/2018 03/22/2017 1 10/18/2013 Books

Environmental economics and policy /

APA

Tietenberg T., . (2010). Environmental economics and policy. Boston: Pearson.

Chicago

Tietenberg Tom, . 2010. Environmental economics and policy. Boston: Pearson.

Harvard

Tietenberg T., . (2010). Environmental economics and policy. Boston: Pearson.

MLA

Tietenberg Tom, . Environmental economics and policy. Boston: Pearson. 2010.

  • Place hold
  • Print
  • Cite
  • Add to your cart (remove)
  • Save record
    BIBTEX Dublin Core MARCXML MARC (non-Unicode/MARC-8) MARC (Unicode/UTF-8) MARC (Unicode/UTF-8, Standard) MODS (XML) RIS
  • More searches
    Search for this title in:
    Other Libraries (WorldCat) Other Databases (Google Scholar) Online Stores (Bookfinder.com) Open Library (openlibrary.org)

Exporting to Dublin Core...

SOUTHVILLE LIBRARY

Southville International School and Colleges Library

1281 Tropical Ave. Cor. Luxembourg St., BF Homes International, Las Pinas City

Tel. No. 8256374 / 252358 Loc. 117/146

Powered by Koha